Sociologia para principiantes (Registo nº 865)

Detalhes MARC
000 -Etiqueta do registo
Cabeçalho 00993cam a2200361 i 4500
005 - Identificador da versão
Campo de controlo 20240813121817.0
095 ## -
-- PTBN01020024
010 ## - Número internacional normalizado dos livros (ISBN)
Número (ISBN) 9722015710
021 ## - Número do Depósito Legal
Código do país PT
Número 129030/98
035 ## - Other System Control Numbers
System Control Number 0000933
System Control Number 0000926
System Control Number 0000912
100 ## - Dados gerais de processamento
Dados gerais de processamento 19981111d1999 m y0pory5003 ba
102 ## - Pais de publicação ou produção
País de publicação Portugal
101 1# - Língua de publicação
Língua do texto, banda sonora, etc. Português
Língua do documento no original Inglês
106 ## - Campo de dados codificados: material textual
Dados codificados do material textual r
105 ## - Campo de dados codificados: livros
Dados codificados dos livros a z 000yy
215 ## - Descrição física 
Indicação específica da natureza do documento e extensão da espécie 173, [1] p.
Outras indicações físicas muito il.
Dimensões 21 cm
200 1# - Titulo e menção de responsabilidade
Título próprio Sociologia para principiantes
Primeira menção de responsabilidade Richard Osborne, Borin Van Loon
Outras menções de responsabilidade trad. J. Freitas e Silva
225 2# - Colecção 
Título próprio da colecção Para principiantes
Indicação de volume 26
205 ## - Menção da edição
Menção da edição 1ª ed
210 ## - Publicação, Distribuição, etc. 
Lugar da edição, distribuição, etc. Lisboa
Nome do editor, distribuidor, etc. D. Quixote
Data da publicação, distribuição, etc. 1999
304 ## - Notas relativas a título e menção de responsabilidade 
Texto da nota Tít. orig.: Sociology for beginners
606 ## - Nome comum usado como assunto
Número de registo de entrada de autoridade 0001130
Código do sistema SIPOR
675 ## - Classificação Decimal Universal (CDU)
Notação 316(076)
Edição BN
Língua da edição por
702 ## - Nome de autor-pessoa física (responsabilidade secundária)
Número de registo de entrada de autoridade 0001109
Palavra de ordem Silva
Outra parte do nome não tomada para palavra de ordem J. Freitas e
Código de função Tradutor
701 ## - Nome de autor-pessoa física (co-responsabilidade principal)
Palavra de ordem Van Loon
Outra parte do nome não tomada para palavra de ordem Borin
Código de função Autor / Co-autor
700 ## - Nome de autor-pessoa física (responsabilidade principal)
Número de registo de entrada de autoridade 0001132
Palavra de ordem Osborne
Outra parte do nome não tomada para palavra de ordem Richard
942 ## - Elementos de entrada adicionados (Koha)
Tipo de item no Koha Livro
Exemplares
Situação do levantamento Origin of item (home branch) (coded) Biblioteca de empréstimo Código de barras Cota Circulation type (not for loan) Tipo de documento Nota do exemplar Damaged status
  Biblioteca Escolar Eng. Nuno Mergulhão Biblioteca Escolar Eng. Nuno Mergulhão BENM1561 31SOC OSB   Livro Sem mensagem